| 000 | 00667nam a2200157 a 4500 | ||
|---|---|---|---|
| 008 | 220805s2008 ||||||||||||||||| || u | ||
| 020 | _a9781405842761 | ||
| 050 | _aPQ 2469 Ver | ||
| 100 | _aVerne, Jules | ||
| 245 | 1 | 0 |
_a20,000 leagues under the sea _cBy Jules Verne; Retold by Fiona Beddall |
| 260 |
_aHarlow _bPearson Education Ltd in association with Penguin Books Ltd _c2008 |
||
| 300 | _aiv, 27 pages : color illustration | ||
| 490 | _a Penguin Readers, Level 1 | ||
| 650 | _aENGLISH LANGUAGE | ||
| 995 |
_D11.99 _FCBU-MAIN LIBRARY (Kitwe) _M1 _UAVAILABLE _WAug 5, 2022 _ZMain Library Open Access Collection |
||
| 999 |
_c33088 _d33088 |
||